Those who love Him / (Record no. 36)

MARC details
000 -LEADER
fixed length control field 00552nam a2200205Ia 4500
003 - CONTROL NUMBER IDENTIFIER
control field GBCCL
005 - DATE AND TIME OF LATEST TRANSACTION
control field 20241126110328.0
008 - FIXED-LENGTH DATA ELEMENTS--GENERAL INFORMATION
fixed length control field 160511b xxu||||| |||| 00| 0 eng d
020 ## - INTERNATIONAL STANDARD BOOK NUMBER
International Standard Book Number 055100116X
040 ## - CATALOGING SOURCE
Transcribing agency gbc
082 ## - DEWEY DECIMAL CLASSIFICATION NUMBER
Classification number 248
Item number SCH
100 ## - MAIN ENTRY--PERSONAL NAME
Personal name Schlink, Basilea
9 (RLIN) 2843
245 ## - TITLE STATEMENT
Title Those who love Him /
Statement of responsibility, etc. Basilea Schlink
250 ## - EDITION STATEMENT
Edition statement 4th impression
260 ## - PUBLICATION, DISTRIBUTION, ETC.
Name of publisher, distributor, etc. Marshall, Morgan & Scott,
Place of publication, distribution, etc. London:
Date of publication, distribution, etc. 1975
300 ## - PHYSICAL DESCRIPTION
Extent 96 p.;
Dimensions 18 cm.
650 ## - SUBJECT ADDED ENTRY--TOPICAL TERM
Topical term or geographic name entry element Love
Form subdivision Religious aspects
General subdivision Christianity
9 (RLIN) 10243
650 ## - SUBJECT ADDED ENTRY--TOPICAL TERM
Topical term or geographic name entry element Meditations
9 (RLIN) 1412
942 ## - ADDED ENTRY ELEMENTS (KOHA)
Source of classification or shelving scheme Dewey Decimal Classification
Koha item type Books
Holdings
Withdrawn status Lost status Source of classification or shelving scheme Damaged status Not for loan Home library Current Library Shelving location Date acquired Total checkouts Full call number Barcode Date last seen Copy number Price effective from Koha item type
    Dewey Decimal Classification     GRACE BIBLE COLLEGE GRACE BIBLE COLLEGE Ministry & Mission 2016-05-11   248 SCH 001068 2016-05-11 c.1 2016-05-11 Books
    Dewey Decimal Classification     GRACE BIBLE COLLEGE GRACE BIBLE COLLEGE Ministry & Mission 2018-04-19   248 SCH 001094 2025-05-01 c.2 2018-04-19 Books
    Dewey Decimal Classification     GRACE BIBLE COLLEGE GRACE BIBLE COLLEGE Ministry & Mission 2018-05-09   248 SCH 001115 2025-05-01 c.3 2018-05-09 Books
© Grace Bible College Library 2025